000 00989cam a2200265 a 4500
001 000018192
005 20200929165409.0
008 831119s1976 ec 001 p spa d
040 _aDO-SdBNP
_bspa
_cDLC
_dBNPHU
082 _aE861.1
_bB352b
100 1 _aBautista Aguirre, Juan,
_d1725-1786
_939400
245 1 0 _aObra lírica :
_bversos castellanos, obras juveniles, miscelánea /
_cJuan Bautista Aguirre ; introducción Galo René Pérez.
260 _aQuito, Ecuador :
_bEditorial Casa de la Cultura Ecuatoriana,
_c1976.
300 _a135 p. ;
_c15 cm.
490 1 _aEscritores ecuatorianos
_v13
504 _aIncluye referencias bibliográficas
504 _aIncluye notas al pie de las páginas.
650 4 _aPoesía ecuatoriana
_913387
650 4 _aPoesía amorosa
_99227
650 4 _aLiteratura ecuatoriana
_93938
700 1 _aPérez, Galo René
_eintr.
_98886
830 0 _aEscritores ecuatorianos ;
_v13
_939401
910 _aCatalogación por copia / LC
049 _aBNGR
999 _c17713
_d17713